000 00334nam a22001457a 4500
008 211011b ||||| |||| 00| 0 eng d
020 _a2900618722319
041 _aeng
080 _a371
082 _a371
100 _a46
101 _aEDU
245 _aThe Best American Science and Nature Writing
_cPreston,R
942 _2udc
_cBK
999 _c58151
_d58151